| 000 | 01382nam a2200265Ia 4500 | ||
|---|---|---|---|
| 008 | 0000002000 sp ad 0000000000mul00 | ||
| 020 | _a8448221532 | ||
| 090 | _aPSP00 G17g1 | ||
| 100 | 1 | _aGarcía, Manuel | |
| 245 | 1 | 0 |
_aGenovés _c/ teXtos Manuel García, Juan Genovés, María Jesús Rodríguez Gallego ; traducción Agustín Nieto, Brendam Lambe ; fotografías Michael Gutman ...[et al.] |
| 264 | _aValencia (España) : Consorci de Museum de la Comunitat Valenciana | ||
| 300 |
_a2 (v _c/ 25 cm. |
||
| 500 | _aEXposición realizada en Museo de Arte Contemporáneo de Caracas Sofía Imber, febrero 27 abril 3, 2000 \ TeXto bilingue : españo inglés \ Proyecto Ganador Programa Apoyos Concertados FGAA 2010 | ||
| 501 | _a: (v.1) Secuencias, 19931998 Genovés : pintar secuencias, dibujar sueños / Manuel García Tres encuentros con el pintor Joan Genovés / Marcel García Secuencias (v.2) Sueños : 19951996 | ||
| 600 | 0 | 0 |
_aGENOVES, JUAN, 1930/ _xTRABAJOS PICTORICOS |
| 650 | 1 | 4 | _aARTE CONTEMPORANEO ESPAÑOL |
| 650 | 1 | 4 | _aARTISTAS PLASTICOS ESPAÑOLES EXPOSIONES |
| 650 | 1 | 4 | _xCATALOGOS |
| 650 | 1 | 4 | _aDIBUJOS ESPAÑOLES |
| 650 | 1 | 4 | _xEXPOSICIONES |
| 650 | 1 | 4 | _aPINTORES ESPAÑOLES |
| 650 | 1 | 4 | _aPINTURA ESPAÑOLA |
| 700 | 1 | _aRodríguez Gallego, María Jesús \ Nieto, Agustin \ Lambe, Brendam \ Gutman, Michael | |
| 999 |
_c11554 _d11554 |
||
| 260 | _c2000 | ||